000 00438ntaaa2200181 4500
003 01
005 20251027202108.0
008 0714s1973 ag 01
040 _aAR-BaBN
_bspa
_cAR-BaBN
_eaacr
_dRIC
082 _a252.0100 Ap5
100 _aAppleby, Rosalee Mills
_914919
245 _aFlaming fagots ..
250 _a1 ed.
260 _aNashville :
_bBroadman Press,
_cc1943
300 _a252 p
650 _asermones
_9362
942 _cBK
999 _c15790
_d15790